000 00503nam a2200193Ia 4500
005 20250508152207.0
008 008 250505s9999 xx 000 0 eng d
037 _aTextual
040 _aFEDL
_beng
_cFEDL
041 _aeng
_2eng
084 _a330, BAR
_qFEDL
100 _aBaran Paul A
245 0 _aPolitical economy of growth
260 _aLondon, UK
_bJohn Calder Ltd.
_c1957
300 _ax,308p
650 _aEconomics
942 _cTEXL
_h330, BAR
999 _c1334886
_d1334886